• 首页
  • 本馆介绍
  • 公告通知
  • 最新文献
  • 馆藏检索
  • 电子资源
  • 读者导购
  • 参考咨询
  • 我的图书馆
  • 登录
  • 详细信息显示
  • 放入我的书架
  • 预约/预借图书
  • 作者相关作品
  • 分类相关作品
  • 丛书相关作品
  • 出版社相关作品

书目信息

  • 表格格式
  • 工作单格式
  • 卡片格式
题名:
日本精神
    
 
作者: 李建权 编
分册:  
出版信息: 北京   新华出版社  2007
页数: 219页
开本: 23cm
丛书名: 大国精神系列丛书
单 册:
中图分类: C955.313
科图分类:
主题词: 民族精神--研究--日本
电子资源:
ISBN: 978-7-5011-7761-5
000 00857oam2 2200253 450
001 1556027404
005 20150117153419.42
010    @a978-7-5011-7761-5@dCNY25.00
100    @a20070104d2007 em y0chiy50 ea
101 0  @achi
102    @aCN@b110000
105    @aa z 000yd
200 1  @a日本精神@9ri ben jing shen@dThe spirit of Japanese@f李建权编@zeng
210    @a北京@c新华出版社@d2007
215    @a219页@c图,照片@d23cm
225 2  @a大国精神系列丛书
330    @a本书从细节和故事入手,从民族信仰、集团主义、耻感文化、“小”日本、和之魂等,以全新的视角,阐释了日本民族精神的精粹和糟粕。
461  0 @12001 @a大国精神系列丛书
510 1  @aSpirit of Japanese@zeng
606 0  @a民族精神@x研究@y日本
690    @aC955.313@v5
701  0 @a李建权@9li jian quan@c(中日关系史)@4编
801  0 @aCN@bTSSF@c20150115
905    @aZUCC@dC955.313@eJY296
    
    日本精神=The spirit of Japanese/李建权编.-北京:新华出版社,2007
    219页:图,照片;23cm.-(大国精神系列丛书)
    
    
    ISBN 978-7-5011-7761-5:CNY25.00
    本书从细节和故事入手,从民族信仰、集团主义、耻感文化、“小”日本、和之魂等,以全新的视角,阐释了日本民族精神的精粹和糟粕。
●
相关链接 在E读中查询图书 在五车中查询图书 在当当中查询图书 在豆瓣中查询图书


正题名:日本精神     索取号:C955.313/JY296         预约/预借

序号 登录号 条形码 馆藏地/架位号 状态 备注
1 7841685   278416858   学院路分馆/ [索取号:C955.313/JY296] 在馆    
唐山师范学院图书馆 欢迎您!
大连网信软件有限公司© 版权所有